History Quiz

Random History or War Quiz

Who commanded at...? III: WWI Edition Quiz Stats

 Plays Quiz not verified by Sporcle

Score 0/263 Timer 14:00
0 Plays Today
Hint Answer % Correct
Battle of the Vistula River (Sept-Oct 1914)Paul von Hindenburg
83.5%
Battle of Tannenberg (August 1914)Paul von Hindenburg
83.5%
Battle of Loos (Sept 1915)Douglas Haig
78%
Battle of the Somme (Jul-Nov 1916)Douglas Haig
78%
Battle of Arras [Nivelle Offensive] (April - May 1917)Erich Ludendorff
76.4%
Battle of Liège (August 1914)Erich Ludendorff
76.4%
Nivelle Offensive (April - May 1917)Erich Ludendorff
76.4%
Great Retreat [Russian] (Jul-Sept 1915)Erich Ludendorff
76.4%
Battle of Tannenberg (August 1914)Erich Ludendorff
76.4%
Battle of Château-Thierry (June 1918)Erich Ludendorff
76.4%
Battle of Verdun (Feb 1916 - Dec 1916)Philippe Pétain
75.6%
First Battle of Ypres (Oct-Nov 1914)Ferdinand Foch
74.8%
Battle of the Somme (Jul-Nov 1916)Ferdinand Foch
74.8%
First Battle of the Marne (Sept 1914)Ferdinand Foch
74.8%
Battle of Loos (Sept 1915)John French
73.2%
First Battle of Ypres (Oct-Nov 1914)John French
73.2%
First Battle of the Aisne (Sept 1914)John French
73.2%
The Great Retreat (Aug-Sept 1914)John French
73.2%
Battle of Mons (August 1914)John French
73.2%
First Battle of the Marne (Sept 1914)John French
73.2%
The Great Retreat (Aug-Sept 1914)Helmuth von Moltke
66.9%
First Battle of the Marne (Sept 1914)Helmuth von Moltke
66.9%
Battle of Belleau Wood (June 1918)John Pershing
66.9%
Battle of Château-Thierry (June 1918)John Pershing
66.9%
First Battle of Ypres (Oct-Nov 1914)Joseph Joffre
65.4%
First Battle of the Aisne (Sept 1914)Joseph Joffre
65.4%
The Great Retreat (Aug-Sept 1914)Joseph Joffre
65.4%
Battle of Verdun (Feb 1916 - Dec 1916)Joseph Joffre
65.4%
First Battle of the Marne (Sept 1914)Joseph Joffre
65.4%
First Battle of Ypres (Oct-Nov 1914)Erich von Falkenhayn
61.4%
Battle of Verdun (Feb 1916 - Dec 1916)Erich von Falkenhayn
61.4%
Battle of Bucharest (Nov-Dec 1916)Erich von Falkenhayn
61.4%
Battle of Transylvania (Aug-Nov 1916)Erich von Falkenhayn
61.4%
Great Retreat [Russian] (Jul-Sept 1915)Erich von Falkenhayn
61.4%
Battle of Beersheba (Oct 1917)Erich von Falkenhayn
61.4%
Brusilov Offensive (Jul-Sept 1916)Aleksei Brusilov
53.5%
Battle of Megiddo (Sept 1918)Mustafa Kemal Pasha
48.8%
Capture of Damascus (Sept-Oct 1918)Mustafa Kemal Pasha
48.8%
Gallipoli Campaign (Apr 1915 - Jan 1916)Mustafa Kemal Pasha
48%
Maritz Rebellion (Sept 1914 - Feb 1915)Jan Smuts
44.1%
Nivelle Offensive (April - May 1917)Robert Nivelle
41.7%
Battle of Verdun (Feb 1916 - Dec 1916)Robert Nivelle
41.7%
Battle of Tannenberg (August 1914)Alexander Samsonov
40.9%
Raids on the Suez Canal (Jan-Feb 1915)Djemal Pasha
38.6%
Capture of Jericho (Feb 1918)Djemal Pasha
38.6%
Battle of Arras [Nivelle Offensive] (April - May 1917)Edmund Allenby
37.8%
Nivelle Offensive (April - May 1917)Edmund Allenby
37.8%
Battle of Megiddo (Sept 1918)Edmund Allenby
37.8%
Siege of Medina (Jun 1916 - Jan 1919)Edmund Allenby
37.8%
Capture of Damascus (Sept-Oct 1918)Edmund Allenby
37.8%
Battle of Beersheba (Oct 1917)Edmund Allenby
37.8%
Capture of Jericho (Feb 1918)Edmund Allenby
37.8%
Second Battle of Cobadin (Oct 1916)Mustafa Hilmi Pasha
37%
Siege of Medina (Jun 1916 - Jan 1919)Fahreddin Pasha
37%
Capture of Damascus (Sept-Oct 1918)Jevad Pasha
37%
Battle of Baku (Aug-Sept 1918)Nuri Pasha
37%
Brusilov Offensive (Jul-Sept 1916)Yakup Pasha
37%
Gallipoli Campaign (Apr 1915 - Jan 1916)Herbert Kitchener
32.3%
Brusilov Offensive (Jul-Sept 1916)Conrad von Hötzendorf
31.5%
Battle of Tannenberg (August 1914)Paul von Rennenkampf
31.5%
Maritz Rebellion (Sept 1914 - Feb 1915)Louis Botha
31.5%
Battle of Tanga/Battle of the Bees (Nov 1914)Paul von Lettow-Vorbeck
31.5%
First Battle of Ypres (Oct-Nov 1914)King Albert I of Belgium
28.3%
Siege of Antwerp (Sept-Oct 1914)King Albert I of Belgium
28.3%
Battle of Mons (August 1914)Horace Smith-Dorrien
28.3%
Battle of the Somme (Jul-Nov 1916)Henry Rawlinson
27.6%
Eleventh Battle of the Isonzo (Aug-Sept 1917)Luigi Cadorna
26.8%
Battle of Caporetto (Oct-Nov 1917)Luigi Cadorna
26.8%
First Battle of the Marne (Sept 1914)Joseph Gallieni
26%
Battle of Loos (Sept 1915)Rupprecht Ferdinand, Crown Prince of Bavaria
24.4%
First Battle of Ypres (Oct-Nov 1914)Rupprecht Ferdinand, Crown Prince of Bavaria
24.4%
Battle of the Somme (Jul-Nov 1916)Rupprecht Ferdinand, Crown Prince of Bavaria
24.4%
Battle of Messines (June 1917)Rupprecht Ferdinand, Crown Prince of Bavaria
24.4%
First Battle of the Aisne (Sept 1914)Alexander von Kluck
22.8%
Battle of Mons (August 1914)Alexander von Kluck
22.8%
Battle of Vittorio Veneto (Oct-Nov 1918)Armando Diaz
22.8%
First Battle of the Marne (Sept 1914)Alexander von Kluck
22.8%
First Battle of the Aisne (Sept 1914)Karl von Bülow
21.3%
Second Battle of Passchendaele (Jul-Nov 1917)Arthur Currie
21.3%
Battle of Arras [Nivelle Offensive] (April - May 1917)Arthur Currie
21.3%
Nivelle Offensive (April - May 1917)Arthur Currie
21.3%
Second Battle of Cobadin (Oct 1916)August von Mackensen
21.3%
Battle of Mărășești (Aug - Sept 1917)August von Mackensen
21.3%
Battle of Bucharest (Nov-Dec 1916)August von Mackensen
21.3%
First Battle of the Marne (Sept 1914)Karl von Bülow
21.3%
Battle of the Vistula River (Sept-Oct 1914)August von Mackensen
21.3%
Gallipoli Campaign (Apr 1915 - Jan 1916)Ian Hamilton
20.5%
Eleven Days War (Feb-Mar 1918)Max Hoffmann
19.7%
Hint Answer % Correct
Battle of Tannenberg (August 1914)Hermann von François
19.7%
Battle of Tannenberg (August 1914)Max Hoffmann
19.7%
Battle of Cer (August 1914)Oskar Potiorek
17.3%
Battle of the Somme (Jul-Nov 1916)Hubert Gough
16.5%
Second Battle of Passchendaele (Jul-Nov 1917)Hubert Gough
16.5%
Battle of Arras [Nivelle Offensive] (April - May 1917)Hubert Gough
16.5%
Battle of Cer (August 1914)Radomir Putnik
16.5%
Brusilov Offensive (Jul-Sept 1916)Joseph Ferdinand
16.5%
First Battle of the Aisne (Sept 1914)Franchet d'Espèrey
15.7%
Nivelle Offensive (April - May 1917)Franchet d'Espèrey
15.7%
Battle of Megiddo (Sept 1918)Otto Liman von Sanders
15.7%
Capture of Damascus (Sept-Oct 1918)Otto Liman von Sanders
15.7%
Gallipoli Campaign (Apr 1915 - Jan 1916)Otto von Sanders
15.7%
First Battle of the Marne (Sept 1914)Franchet d'Espèrey
15.7%
Vardar Offensive (Sept 1918)Franchet d'Espèrey
15.7%
Capture of Jericho (Feb 1918)Otto Liman von Sanders
15.7%
Battle of the Somme (Jul-Nov 1916)Fritz von Below
15%
Nivelle Offensive (April - May 1917)Fritz von Below
15%
Battle of Caporetto (Oct-Nov 1917)Otto von Below
15%
Battle of the Somme (Jul-Nov 1916)Max von Gallwitz
14.2%
Battle of Verdun (Feb 1916 - Dec 1916)Max von Gallwitz
14.2%
Battle of the Vistula River (Sept-Oct 1914)Max von Gallwitz
14.2%
Battle of Messines (June 1917)Herbert Plumer
13.4%
Second Battle of Passchendaele (Jul-Nov 1917)Herbert Plumer
13.4%
Battle of Cer (August 1914)Stepa Stepanović
11.8%
Battle of the Vistula River (Sept-Oct 1914)Nikolai Ivanov
11.8%
Great Retreat [Russian] (Jul-Sept 1915)Nikolay Iudovich Ivanov
11%
Battle of Cantigny (May 1918)Robert Bullard
10.2%
Nivelle Offensive (April - May 1917)Friedrich Wilhelm Victor August Ernst, Crown Prince of Germany
9.4%
Battle of Verdun (Feb 1916 - Dec 1916)Noël de Castelnau
9.4%
Battle of Verdun (Feb 1916 - Dec 1916)Fernand de Langle de Cary
9.4%
Battle of Verdun (Feb 1916 - Dec 1916)Friedrich Wilhelm Victor August Ernst, Crown Prince of Germany
9.4%
First Battle of the Marne (Sept 1914)Fernand de Langle de Cary
9.4%
Battle of the Vistula River (Sept-Oct 1914)Alexei Evert
9.4%
German Campaign in Angola (Oct 1914 - Jul 1915)Joachim von Heydebreck
9.4%
Battle of Sandfontein (Sept 1914)Joachim von Heydebreck
9.4%
Battle of Belleau Wood (June 1918)Friedrich Wilhelm Victor August Ernst, Crown Prince of Germany
9.4%
Nivelle Offensive (April - May 1917)Charles Mangin
8.7%
Battle of Verdun (Feb 1916 - Dec 1916)Charles Mangin
8.7%
Battle of Megiddo (Sept 1918)Faisal I bin Hussein bin Ali al-Hashimi of Iraq
8.7%
Siege of Medina (Jun 1916 - Jan 1919)Faisal I bin Hussein bin Ali al-Hashimi of Iraq
8.7%
Capture of Damascus (Sept-Oct 1918)Faisal I bin Hussein bin Ali al-Hashimi of Iraq
8.7%
Maritz Rebellion (Sept 1914 - Feb 1915)Manie Maritz
8.7%
Battle of Beersheba (Oct 1917)Philip Chetwode
8.7%
Capture of Jericho (Feb 1918)Philip Chetwode
8.7%
Battle of Château-Thierry (June 1918)Charles Mangin
8.7%
Gallipoli Campaign (Apr 1915 - Jan 1916)William Birdwood
7.9%
First Battle of Ypres (Oct-Nov 1914)Albrecht Herzog, Duke of Württemberg
7.1%
First Battle of Ypres (Oct-Nov 1914)Max von Fabeck
7.1%
Battle of Arras [Nivelle Offensive] (April - May 1917)Ludwig von Falkenhausen
7.1%
Battle of Arras [Nivelle Offensive] (April - May 1917)Georg von der Marwitz
7.1%
Battle of Liège (August 1914)Gérard Leman
7.1%
Battle of Liège (August 1914)Otto von Emmich
7.1%
Battle of Verdun (Feb 1916 - Dec 1916)Georg von der Marwitz
7.1%
Siege of Kut (Dec 1915 - Apr 1916) Halil Bey
7.1%
Siege of Kut (Dec 1915 - Apr 1916) Nureddin Bey
7.1%
Battle of Baku (Aug-Sept 1918)Mürsel Bey
7.1%
First Battle of the Marne (Sept 1914)Albrecht Herzog, Duke of Württemberg
7.1%
Raids on the Suez Canal (Jan-Feb 1915)John Maxwell
7.1%
Battle of Beersheba (Oct 1917)Ismet Bey
7.1%
Capture of Jericho (Feb 1918)Refet Bey
7.1%
Capture of Jericho (Feb 1918)Ali Fuad Bey
7.1%
Battle of Cantigny (May 1918)Oskar von Hutier
7.1%
First Battle of Ypres (Oct-Nov 1914)Alexander von Linsingen
5.5%
Second Battle of Cobadin (Oct 1916)Alexandru Averescu
5.5%
Battle of Mărășești (Aug - Sept 1917)Alexandru Averescu
5.5%
Second Battle of Oituz (Aug 1917)Alexandru Averescu
5.5%
Battle of Transylvania (Aug-Nov 1916)Alexandru Averescu
5.5%
Siege of Medina (Jun 1916 - Jan 1919)Abdullah I bin al-Hussein of Jordan
5.5%
Brusilov Offensive (Jul-Sept 1916)Alexander von Linsingen
5.5%
Maritz Rebellion (Sept 1914 - Feb 1915)Christiaan de Wet
5.5%
First Battle of the Aisne (Sept 1914)Michel-Joseph Maunoury
4.7%
Battle of Arras [Nivelle Offensive] (April - May 1917)Henry Horne
4.7%
Battle of Verdun (Feb 1916 - Dec 1916)Ewald von Lochow
4.7%
Eleventh Battle of the Isonzo (Aug-Sept 1917)Svetozar Boroević
4.7%
Battle of Vittorio Veneto (Oct-Nov 1918)Svetozar Boroević
4.7%
Battle of Caporetto (Oct-Nov 1917)Svetozar Boroević
4.7%
Christmas Battles (Dec 1916 - Jan 1917)Nikolai Ruzsky
4.7%
First Battle of the Marne (Sept 1914)Michel-Joseph Maunoury
4.7%
Battle of Cer (August 1914)Crown Prince Aleksandar I Karađorđević
4.7%
Battle of the Vistula River (Sept-Oct 1914)Pavel Plehve
4.7%
Battle of the Vistula River (Sept-Oct 1914)Nikolai Ruzsky
4.7%
Battle of the Vistula River (Sept-Oct 1914)Remus von Woyrsch
4.7%
Battle of the Vistula River (Sept-Oct 1914)Viktor Dankl
4.7%
Battle of Verdun (Feb 1916 - Dec 1916)Auguste Hirschauer
3.9%
Battle of Verdun (Feb 1916 - Dec 1916)Adolphe Guillaumat
3.9%
Battle of Verdun (Feb 1916 - Dec 1916)Frédéric-Georges Herr
3.9%
Siege of Kut (Dec 1915 - Apr 1916) Charles Townshend
3.9%
Hint Answer % Correct
Battle of Cer (August 1914)Petar Bojović
3.9%
Brusilov Offensive (Jul-Sept 1916)Eduard von Böhm
3.9%
Battle of Tanga/Battle of the Bees (Nov 1914)Arthur Aitken
3.9%
Raids on the Suez Canal (Jan-Feb 1915)Friedrich von Kressenstein
3.9%
First Battle of the Aisne (Sept 1914)Josias von Heeringen
3.1%
Battle of Verdun (Feb 1916 - Dec 1916)Schmidt von Knobelsdorf
3.1%
Gallipoli Campaign (Apr 1915 - Jan 1916)John de Robeck
3.1%
Vardar Offensive (Sept 1918)Georgi Todorov
3.1%
Vardar Offensive (Sept 1918)Živojin Mišić
3.1%
Great Retreat [Russian] (Jul-Sept 1915)Nicholas Nikolaevich
3.1%
Brusilov Offensive (Jul-Sept 1916)Felix von Bothmer
3.1%
Maritz Rebellion (Sept 1914 - Feb 1915)Jan Kemp
3.1%
Maritz Rebellion (Sept 1914 - Feb 1915)Christian Frederick Beyers
3.1%
Siege of Antwerp (Sept-Oct 1914)Archibald Paris
2.4%
Siege of Antwerp (Sept-Oct 1914)Victor Deguise
2.4%
Siege of Antwerp (Sept-Oct 1914)Hans von Beseler
2.4%
Nivelle Offensive (April - May 1917)Karl von Einem
2.4%
Nivelle Offensive (April - May 1917)Alfred Micheler
2.4%
Battle of Mărășești (Aug - Sept 1917)Dmitry Shcherbachev
2.4%
Battle of Dobrich (Sept 1916)Ivan Kolev
2.4%
Capture of Damascus (Sept-Oct 1918)Harry Chauvel
2.4%
Battle of Baku (Aug-Sept 1918)Lionel Dunsterville
2.4%
Battle of Cer (August 1914)Pavle Jurišić Šturm
2.4%
Vardar Offensive (Sept 1918)George Milne
2.4%
Great Retreat [Russian] (Jul-Sept 1915)Mikhail Alekseyev
2.4%
Brusilov Offensive (Jul-Sept 1916)Alexey Kaledin
2.4%
Brusilov Offensive (Jul-Sept 1916)Dmitry Shcherbachev
2.4%
Brusilov Offensive (Jul-Sept 1916)Vladimir Sakharov
2.4%
Battle of Beersheba (Oct 1917)Harry Chauvel
2.4%
Battle of the Somme (Jul-Nov 1916)Joseph Alfred Micheler
1.6%
Nivelle Offensive (April - May 1917)Paul Maistre
1.6%
Second Battle of Cobadin (Oct 1916)Stefan Toshev
1.6%
Battle of Bucharest (Nov-Dec 1916)Constantin Prezan
1.6%
Battle of Dobrich (Sept 1916)Stefan Toshev
1.6%
Battle of Transylvania (Aug-Nov 1916)Constantin Prezan
1.6%
Siege of Medina (Jun 1916 - Jan 1919)Ali bin Hussein of Hejaz
1.6%
Gallipoli Campaign (Apr 1915 - Jan 1916)Henri Gouraud
1.6%
Eleventh Battle of the Isonzo (Aug-Sept 1917)Luigi Capello
1.6%
Battle of Caporetto (Oct-Nov 1917)Luigi Capello
1.6%
Christmas Battles (Dec 1916 - Jan 1917)Radko Dimitriev
1.6%
Vardar Offensive (Sept 1918)Panagiotis Danglis
1.6%
Vardar Offensive (Sept 1918)Petar Bojović
1.6%
Vardar Offensive (Sept 1918)Stefan Toshev
1.6%
German Campaign in Angola (Oct 1914 - Jul 1915)Victor Franke
1.6%
German Campaign in Angola (Oct 1914 - Jul 1915)Pereira d'Eça
1.6%
Battle of Sandfontein (Sept 1914)Henry Lukin
1.6%
Capture of Jericho (Feb 1918)John Shea
1.6%
Battle of Loos (Sept 1915)Friedrich Bertram Sixt von Armin
0.8%
Battle of the Somme (Jul-Nov 1916)Émile Fayolle
0.8%
Battle of Messines (June 1917)Friedrich Bertram Sixt von Armin
0.8%
Second Battle of Passchendaele (Jul-Nov 1917)François Anthoine
0.8%
Second Battle of Passchendaele (Jul-Nov 1917)Louis Ruquoy
0.8%
Second Battle of Passchendaele (Jul-Nov 1917)Friedrich Bertram Sixt von Armin
0.8%
Nivelle Offensive (April - May 1917)Max von Boehn
0.8%
Second Battle of Cobadin (Oct 1916)Andrei Zayonchkovski
0.8%
Second Battle of Cobadin (Oct 1916)Todor Kantardzhiev
0.8%
Battle of Mărășești (Aug - Sept 1917)Eremia Grigorescu
0.8%
Battle of Mărășești (Aug - Sept 1917)Ioan Rășcanu
0.8%
Battle of Mărășești (Aug - Sept 1917)Constantin Christescu
0.8%
Battle of Mărășești (Aug - Sept 1917)Karl von Wenninger
0.8%
Second Battle of Oituz (Aug 1917)Franz Rohr von Denta
0.8%
Second Battle of Oituz (Aug 1917)Gheorghe Văleanu
0.8%
Second Battle of Oituz (Aug 1917)Artur Văitoianu
0.8%
Battle of Dobrich (Sept 1916)Andrei Zayonchkovski
0.8%
Battle of Dobrich (Sept 1916)Todor Kantardzhiev
0.8%
Battle of Transylvania (Aug-Nov 1916)Ioan Culcer
0.8%
Capture of Damascus (Sept-Oct 1918)Edward Bulfin
0.8%
Gallipoli Campaign (Apr 1915 - Jan 1916)Mehmet Esat Bülkat
0.8%
Gallipoli Campaign (Apr 1915 - Jan 1916)Maurice Bailloud
0.8%
Battle of Baku (Aug-Sept 1918)Avetisov
0.8%
Battle of Baku (Aug-Sept 1918)Dokuchaev
0.8%
Battle of Baku (Aug-Sept 1918)Grigory Korganov
0.8%
Battle of Vittorio Veneto (Oct-Nov 1918)Frederick Rudolph Lambart, Earl of Cavan
0.8%
Battle of Vittorio Veneto (Oct-Nov 1918)Jean-Cesar Graziani
0.8%
Christmas Battles (Dec 1916 - Jan 1917)Friedrich von Scholtz
0.8%
Vardar Offensive (Sept 1918)Kuno von Steuben
0.8%
Vardar Offensive (Sept 1918)Friedrich von Scholtz
0.8%
Vardar Offensive (Sept 1918)Ernesto Mombelli
0.8%
Vardar Offensive (Sept 1918)Stefan Nerezov
0.8%
Eleven Days War (Feb-Mar 1918)Nikolai Krylenko
0.8%
German Campaign in Angola (Oct 1914 - Jul 1915)Alves Roçadas
0.8%
Battle of Beersheba (Oct 1917)Fevzi Çakmak
0.8%
Capture of Jericho (Feb 1918)Edward Chaytor
0.8%
Battle of Belleau Wood (June 1918)James Harbord
0.8%
Battle of Transylvania (Aug-Nov 1916)Arthur Arz von Straußenburg
0%
Gallipoli Campaign (Apr 1915 - Jan 1916)Mehmet Vehip Kaçı
0%
Gallipoli Campaign (Apr 1915 - Jan 1916)Cevat Çobanlı
0%

You're not logged in!

Compare scores with friends on all Sporcle quizzes.
OR
Log In

Sporcle TV

Today on Sporcle TV


Watch our educational content, quiz creation guides, and fun videos on Sporcle TV.

Show Comments

Extras

Top Quizzes Today


Score Distribution

Your Account Isn't Verified!

In order to create a playlist on Sporcle, you need to verify the email address you used during registration. Go to your Sporcle Settings to finish the process.

Report this User

Report this user for behavior that violates our Community Guidelines.

Details: